Guess the car 1 - Statistics

General Stats
  • This quiz has been taken 13 times
  • The average score is 8 of 14
Answer Stats
Picture Answer % Correct
Peugeot 206
91%
Audi A7
82%
Kia Sportage
82%
Mercedes-Benz G-Klasse
82%
Volkswagen Passat
73%
Volvo V50
73%
Opel Zafira
64%
Chevrolet Cruze
45%
Honda HR-V
45%
Skoda Superb
45%
Toyota Avensis
45%
Ford Fiesta ST
36%
Mercedes-Benz CLS
36%
Mitsubishi Colt
36%
No matching quizzes found
Score Distribution
Percent of People with Each Score
Percentile by Number Answered
Your Score History
You have not taken this quiz